Statistiques concernant Les pays contenant F

Cliquez ici pour prendre le quiz!

Statistiques générales

  • Ce quiz a été pris 820 fois
  • Le résultat moyen est 5 sur 7

Statistiques - réponses

pays% Correct
Finlande
96%
France
95%
Fidji
83%
Afghanistan
79%
Afrique du Sud
74%
République
Centrafricaine
41%
Burkina Faso
36%

Distribution des résultats

Percentile par nombre de réponses

% des personnes avec chaque résultat

Votre développement - résultats

Vous n’avez pas pris ce quiz